[Event "Denizli op"]
[Site "Denizli"]
[Date "2025.07.12"]
[Round "8"]
[White "Sodbilegt, Naranbold"]
[Black "Karimova, Guldona"]
[Result "1-0"]
[WhiteElo "2363"]
[BlackElo "2182"]
[PlyCount "74"]
[EventDate "2025.07.07"]
[EventType "swiss"]
[EventRounds "9"]
[EventCountry "TUR"]
[SourceTitle "CB29_2025"]
[SourceDate "2025.07.16"]
[SourceVersion "1"]
[SourceVersionDate "2025.07.16"]
[SourceQuality "1"]

1. e4 c5 2. Nf3 e6 3. d4 cxd4 4. Nxd4 Nf6 5. Nc3 Nc6 6. Ndb5 Bc5 7. Bf4 0-0 8. Bc7 Qe7 9. Bd6 Bxd6 10. Qxd6 Qd8 11. 0-0-0 a6 12. Nd4 Ne7 13. Nb3 b5 14. a3 Bb7 15. f3 Nc8 16. Qd4 Qc7 17. h4 Rd8 18. h5 h6 19. g4 Qf4+ 20. Kb1 e5 21. Qd3 d5 22. Na5 Nd6 23. exd5 Nxd5 24. Nxd5 Bxd5 25. Qxd5 Nb7 26. Bc4 Rxd5 27. Bxd5 Rd8 28. Bxb7 Qf6 29. Be4 Kf8 30. Nb7 Rxd1+ 31. Rxd1 Qb6 32. Rd6 Qg1+ 33. Ka2 Qh1 34. Nc5 Qf1 35. Rd8+ Ke7 36. Rd7+ Kf6 37. Bd5 e4 1-0

[Event "Denizli op"]
[Site "Denizli"]
[Date "2025.07.09"]
[Round "4"]
[White "Cakir, Ege"]
[Black "Karimova, Guldona"]
[Result "0-1"]
[WhiteElo "2006"]
[BlackElo "2182"]
[PlyCount "112"]
[EventDate "2025.07.07"]
[EventType "swiss"]
[EventRounds "9"]
[EventCountry "TUR"]
[SourceTitle "CB29_2025"]
[SourceDate "2025.07.16"]
[SourceVersion "1"]
[SourceVersionDate "2025.07.16"]
[SourceQuality "1"]

1. d4 f5 2. Nf3 Nf6 3. g3 g6 4. Bg2 Bg7 5. 0-0 0-0 6. c4 d6 7. Nc3 c6 8. Qb3 Na6 9. Rd1 h6 10. c5+ Kh7 11. cxd6 exd6 12. d5 c5 13. Nd2 Nc7 14. a4 Ng4 15. h3 Ne5 16. f4 Nd7 17. e4 fxe4 18. Ndxe4 Nf6 19. Kh2 Rb8 20. Nxf6+ Rxf6 21. Ne4 Rf8 22. Bd2 Ne8 23. Re1 Nf6 24. Bc3 Bf5 25. Re3 b6 26. Rae1 Rb7 27. Nxf6+ Bxf6 28. Bxf6 Qxf6 29. Qc3 Qxc3 30. bxc3 Rbf7 31. Be4 Bd7 32. Bc2 Kg7 33. h4 Rg8 34. Kg2 c4 35. h5 gxh5 36. Bd1 h4 37. Bh5 Rf5 38. g4 Kh8 39. Kf3 Rxd5 40. Bf7 Rd2 41. g5 hxg5 42. Bxg8 g4+ 43. Ke4 Kxg8 44. f5 Rf2 45. Kd5 h3 46. Kxd6 Bxf5 47. Re8+ Kg7 48. R1e7+ Kf6 49. Rf8+ Kg5 50. Rg7+ Kf4 51. Rgf7 Ke4 52. Re7+ Kd3 53. Rg7 h2 54. Rh8 Be4 55. Rxg4 h1Q 56. Rxh1 Bxh1 0-1

[Event "Denizli op"]
[Site "Denizli"]
[Date "2025.07.08"]
[Round "2"]
[White "Aliyev, Ravan"]
[Black "Karimova, Guldona"]
[Result "1/2-1/2"]
[WhiteElo "2389"]
[BlackElo "2182"]
[PlyCount "72"]
[EventDate "2025.07.07"]
[EventType "swiss"]
[EventRounds "9"]
[EventCountry "TUR"]
[SourceTitle "CB29_2025"]
[SourceDate "2025.07.16"]
[SourceVersion "1"]
[SourceVersionDate "2025.07.16"]
[SourceQuality "1"]

1. Nf3 Nf6 2. d4 e6 3. c4 b6 4. a3 Bb7 5. Nc3 Ne4 6. Nxe4 Bxe4 7. Bf4 d6 8. e3 Be7 9. h3 Nd7 10. Bh2 0-0 11. Be2 a5 12. 0-0 a4 13. Nd2 Bb7 14. Nb1 Ra5 15. Nc3 Qa8 16. f3 e5 17. d5 Nc5 18. Qc2 Bc8 19. Nb5 Bd7 20. Nc3 Qe8 21. Rae1 f5 22. f4 Bh4 23. g3 Bf6 24. Bf3 e4 25. Be2 Bxc3 26. Qxc3 Ra8 27. Kh1 b5 28. Rg1 bxc4 29. Qxc4 Rb8 30. g4 Qe7 31. Rb1 Bb5 32. Qxb5 Rxb5 33. Bxb5 Rb8 34. Bc4 Qh4 35. Rg3 Nd3 36. gxf5 Kf8 1/2-1/2

[Event "Asia-ch (Women)"]
[Site "Al Ain"]
[Date "2025.05.13"]
[Round "7"]
[White "Arshiya, Das"]
[Black "Karimova, Guldona"]
[Result "1-0"]
[WhiteElo "2174"]
[BlackElo "2265"]
[PlyCount "87"]
[EventDate "2025.05.07"]
[EventType "swiss"]
[EventRounds "9"]
[EventCountry "UAE"]
[SourceTitle "CB21_2025"]
[SourceDate "2025.05.21"]
[SourceVersion "1"]
[SourceVersionDate "2025.05.21"]
[SourceQuality "1"]

1. e4 e5 2. Nf3 d6 3. d4 exd4 4. Nxd4 Nf6 5. Nc3 Be7 6. g3 Nc6 7. Nxc6 bxc6 8. Bg2 Ba6 9. e5 Nd7 10. Bxc6 0-0 11. f4 Rb8 12. Be3 Nb6 13. Bd4 Nc4 14. b3 dxe5 15. fxe5 Na5 16. Be4 Ba3 17. Nd5 Qg5 18. Kf2 f5 19. exf6 Bd6 20. Kg2 Rfe8 21. Qf3 Rf8 22. Ne7+ Bxe7 23. Bd5+ Rf7 24. Bxf7+ Kxf7 25. fxe7+ Kg8 26. Rhe1 Re8 27. Kg1 Bb7 28. Qe3 Qd5 29. Qe6+ Qxe6 30. Rxe6 Kf7 31. Rae1 Bc8 32. R6e2 Nb7 33. Rf2+ Kg6 34. Bxa7 Bd7 35. a4 Ra8 36. Bd4 Nd6 37. Be5 Ne8 38. Rd2 Bc6 39. Bxc7 Ra6 40. Bd8 Ba8 41. a5 h5 42. b4 Rc6 43. Bb6 Rc3 44. b5 1-0

[Event "Asia-ch (Women)"]
[Site "Al Ain"]
[Date "2025.05.11"]
[Round "5"]
[White "Kaldarova, Ayaulym"]
[Black "Karimova, Guldona"]
[Result "0-1"]
[WhiteElo "2115"]
[BlackElo "2265"]
[PlyCount "54"]
[EventDate "2025.05.07"]
[EventType "swiss"]
[EventRounds "9"]
[EventCountry "UAE"]
[SourceTitle "CB21_2025"]
[SourceDate "2025.05.21"]
[SourceVersion "1"]
[SourceVersionDate "2025.05.21"]
[SourceQuality "1"]

1. e4 c5 2. Nf3 e6 3. d4 cxd4 4. Nxd4 Nf6 5. Nc3 Nc6 6. a3 Be7 7. Be2 0-0 8. Be3 d5 9. exd5 Nxd5 10. Nxd5 Qxd5 11. Bf3 Qa5+ 12. b4 Qc7 13. Nxc6 bxc6 14. Qd3 Bb7 15. 0-0 c5 16. Bxb7 Qxb7 17. bxc5 Qc6 18. Rfd1 Rac8 19. Rab1 Bxc5 20. Bxc5 Qxc5 21. Rb7 Qa5 22. Rb5 Qc7 23. h3 g6 24. Qf3 Qxc2 25. Rd7 Rc3 26. Qf6 Qc1+ 27. Kh2 Rc7 0-1

[Event "Asia-ch (Women)"]
[Site "Al Ain"]
[Date "2025.05.09"]
[Round "3"]
[White "Fronda Pascua, Jan Jodilyn"]
[Black "Karimova, Guldona"]
[Result "0-1"]
[WhiteElo "2120"]
[BlackElo "2265"]
[PlyCount "78"]
[EventDate "2025.05.07"]
[EventType "swiss"]
[EventRounds "9"]
[EventCountry "UAE"]
[SourceTitle "CB21_2025"]
[SourceDate "2025.05.21"]
[SourceVersion "1"]
[SourceVersionDate "2025.05.21"]
[SourceQuality "1"]

1. e4 e5 2. Nf3 d6 3. c3 Nf6 4. Be2 Be7 5. h3 0-0 6. d3 d5 7. Nxe5 dxe4 8. d4 c5 9. 0-0 Be6 10. Qa4 Qc8 11. Bg5 Nbd7 12. Nd2 Nb6 13. Qb5 cxd4 14. cxd4 Qd8 15. Bxf6 gxf6 16. Ng4 Qxd4 17. Rad1 Qd5 18. Qxd5 Bxd5 19. b3 Be6 20. Ne3 f5 21. g4 fxg4 22. hxg4 h5 23. Nxe4 hxg4 24. Nd6 f5 25. Nxb7 Kg7 26. Rc1 Rac8 27. f4 Bb4 28. Nc4 Nd5 29. Nbd6 Bc5+ 30. Kg2 Nxf4+ 31. Rxf4 Bxd6 32. Rd4 Bc5 33. Rdd1 f4 34. Bf1 Rcd8 35. Ne5 Bd5+ 36. Rxd5 Rxd5 37. Nxg4 f3+ 38. Kh3 Bd6 39. Ne3 Rg5 0-1

[Event "Asia-ch (Women)"]
[Site "Al Ain"]
[Date "2025.05.08"]
[Round "2"]
[White "Karimova, Guldona"]
[Black "Salimova, Asal"]
[Result "1/2-1/2"]
[WhiteElo "2265"]
[BlackElo "2003"]
[PlyCount "113"]
[EventDate "2025.05.07"]
[EventType "swiss"]
[EventRounds "9"]
[EventCountry "UAE"]
[SourceTitle "CB21_2025"]
[SourceDate "2025.05.21"]
[SourceVersion "1"]
[SourceVersionDate "2025.05.21"]
[SourceQuality "1"]

1. e4 e6 2. d4 d5 3. Nd2 c5 4. Ngf3 Nc6 5. exd5 Qxd5 6. Bc4 Qd8 7. dxc5 Bxc5 8. Qe2 Nf6 9. Nb3 Be7 10. 0-0 Qc7 11. Re1 0-0 12. Bd2 Bd7 13. a3 Rfe8 14. h3 Rac8 15. Bc3 Nb8 16. Ne5 Bf8 17. Bd3 h6 18. Ba5 b6 19. Bd2 Nc6 20. f4 a5 21. a4 Nb4 22. c3 Nxd3 23. Qxd3 Red8 24. Qf3 Bc6 25. Nxc6 Qxc6 26. Qxc6 Rxc6 27. Kf1 Bc5 28. Be3 Bxe3 29. Rxe3 Rc4 30. g3 h5 31. Nd4 Nd5 32. Re4 Rdc8 33. Kf2 Ne7 34. Kf3 Ng6 35. Ra3 Nf8 36. Re5 g6 37. Rb5 Nd7 38. Ra1 Kf8 39. Nb3 Ke7 40. Nd2 R4c6 41. Ne4 Rd8 42. Ke3 Nb8 43. h4 Na6 44. Nf2 Nc7 45. Rb3 Nd5+ 46. Ke2 Nf6 47. Rc1 Nd7 48. Rb5 Nc5 49. Ra1 Na6 50. Rb3 Nc5 51. Rba3 Na6 52. Rd1 Rxd1 53. Nxd1 Nc5 54. Nf2 Nd7 55. Ne4 e5 56. Kf3 f5 57. Nd2 1/2-1/2

[Event "UZB-ch (Women)"]
[Site "Qiziltepa"]
[Date "2025.04.19"]
[Round "1.1"]
[White "Shakhzodova, Ozoda"]
[Black "Karimova, Guldona"]
[Result "1-0"]
[WhiteElo "1827"]
[BlackElo "2265"]
[PlyCount "105"]
[EventDate "2025.04.19"]
[EventType "k.o."]
[EventRounds "4"]
[EventCountry "UZB"]
[SourceTitle "CB18_2025"]
[SourceDate "2025.04.30"]
[SourceVersion "1"]
[SourceVersionDate "2025.04.30"]
[SourceQuality "1"]

1. d4 Nf6 2. Nf3 e6 3. e3 b6 4. b3 Bb7 5. Bb2 d5 6. Bd3 Bd6 7. Nbd2 Nbd7 8. 0-0 c5 9. Ne5 0-0 10. f4 Ne4 11. Rf3 f6 12. Nxd7 Qxd7 13. c3 Nxd2 14. Qxd2 e5 15. Rh3 g6 16. Rf1 Qe7 17. f5 e4 18. Be2 cxd4 19. Qxd4 Be5 20. Qd2 Rad8 21. g4 Kg7 22. Qe1 g5 23. Rh5 Qc5 24. Qc1 Rfe8 25. h4 h6 26. hxg5 hxg5 27. Kf2 Qc7 28. Rfh1 Bg3+ 29. Kg2 Bh4 30. Rh3 Rf8 31. Qh1 d4 32. c4 Qf7 33. Bxd4 Rh8 34. Rxh8 Rxh8 35. Qa1 Qe7 36. Qc3 Qd6 37. b4 Rc8 38. c5 bxc5 39. bxc5 Qc6 40. Bc4 Ba6 41. Be6 Qb5 42. Bxf6+ Kh7 43. Rxh4+ gxh4 44. Qe1 Qf1+ 45. Qxf1 Bxf1+ 46. Kxf1 Rxc5 47. Bxh4 Rc3 48. Bg5 Rc6 49. Kf2 a5 50. Kg3 a4 51. Bd5 Rc2 52. f6 Rd2 53. f7 1-0

[Event "Wch U20 Girls 41st"]
[Site "Petrovac"]
[Date "2025.03.07"]
[Round "11"]
[White "Karimova, Guldona"]
[Black "Gaal, Zsoka"]
[Result "1/2-1/2"]
[WhiteElo "2200"]
[BlackElo "2404"]
[PlyCount "77"]
[EventDate "2025.02.25"]
[EventType "swiss"]
[EventRounds "11"]
[EventCountry "MNE"]
[SourceTitle "CB11_2025"]
[SourceDate "2025.03.12"]
[SourceVersion "1"]
[SourceVersionDate "2025.03.12"]
[SourceQuality "1"]

1. e4 c6 2. d4 d5 3. Nd2 dxe4 4. Nxe4 Bf5 5. Ng3 Bg6 6. h4 h6 7. Nf3 Nd7 8. Bd3 Bxd3 9. Qxd3 e6 10. Bf4 Qa5+ 11. Nd2 Ngf6 12. Nge4 Nxe4 13. Qxe4 Nf6 14. Qe5 Qb6 15. 0-0-0 Rd8 16. Ne4 Be7 17. c3 Rd5 18. Qb8+ Rd8 19. Qe5 Qb5 20. Nxf6+ Bxf6 21. Qxb5 cxb5 22. Be5 h5 23. Bxf6 gxf6 24. Rhe1 Rd5 25. Re3 Rg8 26. g3 Ke7 27. b3 f5 28. f4 Rd6 29. a3 a5 30. Kb2 a4 31. Rdd3 Rgd8 32. Re5 Rb6 33. Rde3 Kf6 34. Rc5 Rg8 35. Kc2 axb3+ 36. Kxb3 Ra8 37. Kb4 Ra4+ 38. Kb3 Ra8 39. d5 1/2-1/2

[Event "Wch U20 Girls 41st"]
[Site "Petrovac"]
[Date "2025.03.06"]
[Round "10"]
[White "Zhurova, Anna"]
[Black "Karimova, Guldona"]
[Result "1/2-1/2"]
[WhiteElo "2307"]
[BlackElo "2200"]
[PlyCount "118"]
[EventDate "2025.02.25"]
[EventType "swiss"]
[EventRounds "11"]
[EventCountry "MNE"]
[SourceTitle "CB11_2025"]
[SourceDate "2025.03.12"]
[SourceVersion "1"]
[SourceVersionDate "2025.03.12"]
[SourceQuality "1"]

1. e4 c5 2. Nf3 e6 3. c3 Nf6 4. Bd3 Nc6 5. Bc2 e5 6. d4 cxd4 7. cxd4 exd4 8. 0-0 Be7 9. e5 Ng4 10. Nxd4 Ngxe5 11. Nf5 0-0 12. Nc3 d5 13. Nxe7+ Qxe7 14. Nxd5 Qd6 15. Bg5 f6 16. Bh4 Bg4 17. f3 Bh5 18. Nf4 Qxd1 19. Raxd1 Bf7 20. Bf2 Rfd8 21. b3 g5 22. Nd3 Nxd3 23. Bxd3 Bg6 24. Be2 a6 25. Bb6 Rxd1 26. Rxd1 Re8 27. Kf2 Bf5 28. Rd6 Kf7 29. Bxa6 bxa6 30. Rxc6 Rc8 31. Bc7 Bd7 32. Rc3 Be6 33. Ke3 Ke7 34. Kd4 Kd7 35. Ba5 Rxc3 36. Bxc3 Kc6 37. Ke4 f5+ 38. Ke5 Kd7 39. Kf6 g4 40. h4 gxh3 41. gxh3 f4 42. Kg5 Bxh3 43. Kxf4 Ke6 44. Bg7 Bf5 45. b4 Bb1 46. a3 Bd3 47. Kg5 a5 48. f4 axb4 49. axb4 Kf7 50. Bd4 Ke6 51. Bf2 Kd7 52. f5 Kc6 53. f6 Bg6 54. Kh6 Kb5 55. Bc5 Kc4 56. Kg7 Kb5 57. Kf8 h5 58. Kg7 Be8 59. Kf8 Bg6 1/2-1/2

[Event "Wch U20 Girls 41st"]
[Site "Petrovac"]
[Date "2025.02.25"]
[Round "1"]
[White "Karimova, Guldona"]
[Black "Popovic, Mateja"]
[Result "1-0"]
[WhiteElo "2200"]
[BlackElo "1917"]
[PlyCount "59"]
[EventDate "2025.02.25"]
[EventType "swiss"]
[EventRounds "11"]
[EventCountry "MNE"]
[SourceTitle "CB11_2025"]
[SourceDate "2025.03.12"]
[SourceVersion "1"]
[SourceVersionDate "2025.03.12"]
[SourceQuality "1"]

1. e4 c5 2. Nf3 d6 3. d4 cxd4 4. Nxd4 Nf6 5. Nc3 g6 6. Be3 Bg7 7. f3 0-0 8. Qd2 Nc6 9. 0-0-0 a6 10. g4 Nxd4 11. Bxd4 b5 12. h4 b4 13. Nd5 Nxd5 14. exd5 Qa5 15. Bxg7 Kxg7 16. Kb1 Bb7 17. h5 e5 18. a3 Rac8 19. axb4 Qa4 20. Rh2 a5 21. b5 Qb4 22. c4 Qxd2 23. Rdxd2 f5 24. hxg6 hxg6 25. gxf5 Rxf5 26. Bh3 Rxf3 27. Bxc8 Bxc8 28. Rdf2 Bf5+ 29. Ka2 Rd3 30. b3 1-0

[Event "Tashkent Al Beruniy-C 2nd"]
[Site "Tashkent"]
[Date "2025.02.03"]
[Round "1"]
[White "Sivuk, Vitaly"]
[Black "Karimova, Guldona"]
[Result "1-0"]
[WhiteElo "2510"]
[BlackElo "2200"]
[PlyCount "97"]
[EventDate "2025.02.03"]
[EventType "tourn"]
[EventRounds "9"]
[EventCountry "UZB"]
[EventCategory "7"]
[SourceTitle "CB07_2025"]
[SourceDate "2025.02.12"]
[SourceVersion "1"]
[SourceVersionDate "2025.02.12"]
[SourceQuality "1"]

1. d4 f5 2. c4 Nf6 3. Nf3 g6 4. e3 Bg7 5. b4 a5 6. b5 0-0 7. Bb2 e6 8. a4 Ne4 9. Nbd2 b6 10. Be2 Bb7 11. 0-0 d6 12. Qb3 Qe7 13. Nxe4 Bxe4 14. Nd2 Bb7 15. Bf3 Bxf3 16. Nxf3 Nd7 17. Rac1 Kh8 18. Ba3 e5 19. c5 bxc5 20. dxc5 Nxc5 21. Bxc5 dxc5 22. Qc4 e4 23. Nd2 Rfd8 24. Nb3 Bb2 25. Rc2 Ba3 26. Nxc5 Bxc5 27. Qxc5 Qxc5 28. Rxc5 Rd7 29. Rfc1 Ra7 30. h3 Kg7 31. g4 Kf6 32. Kg2 Ke6 33. Rc6+ Ke7 34. R1c5 fxg4 35. hxg4 Kd8 36. Re5 Re7 37. Rxe7 Kxe7 38. Kg3 Kd7 39. Kf4 Ra8 40. Kxe4 Re8+ 41. Kf4 Rf8+ 42. Kg3 Re8 43. Ra6 Re5 44. Rxa5 Kc8 45. Ra8+ Kb7 46. Rh8 h5 47. gxh5 gxh5 48. Kf4 Rc5 49. e4 1-0

[Event "Titled Tuesday intern op 28th Jan Early"]
[Site "Chess.com INT"]
[Date "2025.01.28"]
[Round "10"]
[White "Karimova, Guldona"]
[Black "Shokirjonova, Barchinoy"]
[Result "1-0"]
[WhiteElo "2200"]
[BlackElo "2061"]
[PlyCount "71"]
[EventDate "2025.01.28"]
[EventType "swiss (blitz)"]
[EventRounds "11"]
[EventCountry "USA"]
[SourceTitle "CB06_2025"]
[SourceDate "2025.02.05"]
[SourceVersion "1"]
[SourceVersionDate "2025.02.05"]
[SourceQuality "1"]

1. e4 e6 2. Qe2 Be7 3. Nc3 c5 4. Nf3 Nc6 5. g3 d5 6. exd5 exd5 7. Bg2 Nf6 8. h3 0-0 9. 0-0 Bf5 10. d3 Re8 11. Bf4 d4 12. Nb5 Nd5 13. Qd2 a6 14. Na3 b5 15. Rfe1 Rc8 16. Ne5 Nxe5 17. Rxe5 Nxf4 18. Qxf4 Be6 19. Qd2 Bd6 20. Re2 Qd7 21. Kh2 h5 22. Qg5 g6 23. Rae1 Be7 24. Qd2 Bf6 25. b3 h4 26. g4 Bg7 27. Qf4 f6 28. Kg1 Bf7 29. Nb1 Kh7 30. g5 fxg5 31. Qxg5 Rxe2 32. Rxe2 Re8 33. Qxh4+ Kg8 34. Rxe8+ Qxe8 35. Qe4 Qd7 36. Nd2 1-0

[Event "Titled Tuesday intern op 28th Jan Early"]
[Site "Chess.com INT"]
[Date "2025.01.28"]
[Round "1"]
[White "Karimova, Guldona"]
[Black "Stefansson, Vignir Vatnar"]
[Result "0-1"]
[WhiteElo "2200"]
[BlackElo "2550"]
[PlyCount "114"]
[EventDate "2025.01.28"]
[EventType "swiss (blitz)"]
[EventRounds "11"]
[EventCountry "USA"]
[SourceTitle "CB06_2025"]
[SourceDate "2025.02.05"]
[SourceVersion "1"]
[SourceVersionDate "2025.02.05"]
[SourceQuality "1"]

1. d4 d5 2. c4 e6 3. Nf3 a6 4. g3 dxc4 5. Bg2 b5 6. Ne5 Ra7 7. 0-0 Bb7 8. e4 Nf6 9. Re1 Nbd7 10. Qc2 Nxe5 11. dxe5 Nd7 12. Rd1 Qc8 13. Qc3 Bc5 14. a4 Ra8 15. b3 cxb3 16. Bb2 Be7 17. Qxb3 Nc5 18. Qc2 Nxa4 19. Rxa4 bxa4 20. Qxa4+ c6 21. Na3 0-0 22. Nc4 Qc7 23. Bc3 c5 24. Ba5 Qc6 25. Qc2 Bd8 26. Bc3 Bc7 27. Na5 Bxa5 28. Bxa5 c4 29. h4 Qc5 30. Qc3 Rfc8 31. Rd7 Bc6 32. Rd6 Qb5 33. f3 Qb3 34. Qd2 Bb5 35. Bc3 a5 36. h5 h6 37. Bh3 a4 38. Qd4 a3 39. Rxe6 fxe6 40. Bxe6+ Kh7 41. Bf5+ Kh8 42. e6 Rc7 43. Qe3 Qxc3 44. Qxc3 a2 45. Qa1 c3 46. e5 c2 47. Bxc2 Rxc2 48. e7 Rc1+ 49. Qxc1 a1Q 50. Qxa1 Rxa1+ 51. Kf2 Ra7 52. f4 Rxe7 53. Ke3 Bd7 54. Ke4 Bg4 55. f5 Bxh5 56. e6 Ra7 57. Ke5 Kg8 0-1

[Event "Titled Tuesday intern op 07th Jan Early"]
[Site "Chess.com INT"]
[Date "2025.01.07"]
[Round "10"]
[White "Karimova, Guldona"]
[Black "Lisenkov, Svyatoslav"]
[Result "1/2-1/2"]
[WhiteElo "2200"]
[BlackElo "2187"]
[PlyCount "80"]
[EventDate "2025.01.07"]
[EventType "swiss (blitz)"]
[EventRounds "11"]
[EventCountry "USA"]
[SourceTitle "CB03_2025"]
[SourceDate "2025.01.15"]
[SourceVersion "1"]
[SourceVersionDate "2025.01.15"]
[SourceQuality "1"]

1. e4 c5 2. Nf3 d6 3. d4 cxd4 4. Nxd4 Nf6 5. Nc3 a6 6. f3 e5 7. Nb3 Be6 8. Be3 Be7 9. Qd2 0-0 10. 0-0-0 Nbd7 11. g4 b5 12. a3 Rc8 13. Kb1 Nb6 14. g5 Nh5 15. Bxb6 Qxb6 16. Nd5 Bxd5 17. exd5 f5 18. gxf6 Rxf6 19. Bh3 Rcf8 20. Bg4 Nf4 21. Na5 Qc7 22. h4 h5 23. Bh3 Nxh3 24. Rxh3 Rxf3 25. Rxf3 Rxf3 26. Qe2 Rf4 27. Nc6 Rxh4 28. Rf1 Bf6 29. Qg2 Rf4 30. Rh1 h4 31. Qh3 Qf7 32. Rg1 Qxd5 33. Qc8+ Kh7 34. Qe8 e4 35. Qg6+ Kh8 36. Qe8+ Qg8 37. Qh5+ Qh7 38. Qe8+ Qg8 39. Qh5+ Qh7 40. Qe8+ Qg8 1/2-1/2

[Event "Swiss Queens Wed #42"]
[Site "FIDE Online Arena INT"]
[Date "2024.11.13"]
[Round "3"]
[White "Karimova, Guldona"]
[Black "Ambartsumova, Karina"]
[Result "0-1"]
[WhiteElo "2115"]
[BlackElo "2405"]
[PlyCount "110"]
[EventDate "2024.11.13"]
[EventType "swiss (blitz)"]
[EventRounds "11"]
[EventCountry "NET"]
[SourceTitle "CB47_2024"]
[SourceDate "2024.11.20"]
[SourceVersion "1"]
[SourceVersionDate "2024.11.20"]
[SourceQuality "1"]

1. e4 e5 2. Nf3 Nc6 3. Bb5 Nge7 4. c3 a6 5. Ba4 b5 6. Bb3 Ng6 7. d4 Be7 8. 0-0 0-0 9. d5 Nb8 10. c4 d6 11. Nc3 b4 12. Ne2 Nd7 13. Ng3 Nc5 14. Bc2 a5 15. a4 Bd7 16. b3 c6 17. dxc6 Bxc6 18. Re1 Nf4 19. Nf5 Nfe6 20. Bb2 Re8 21. Nxe7+ Qxe7 22. Re2 Rad8 23. Ne1 Nf4 24. Re3 Qb7 25. f3 Qe7 26. Nd3 Ncxd3 27. Bxd3 Qg5 28. Qd2 Nxg2 29. Kf2 Nxe3 30. Qxe3 Qh4+ 31. Kg2 Re6 32. Rg1 Rg6+ 33. Kh1 Bd7 34. Bc1 Bh3 35. Rxg6 hxg6 36. Qg1 Qh5 37. Qg3 f6 38. Be3 Rb8 39. Kg1 g5 40. Kf2 Be6 41. Be2 Qf7 42. h4 gxh4 43. Qxh4 Qg6 44. Qg3 Qxg3+ 45. Kxg3 Kf7 46. f4 g6 47. fxe5 dxe5 48. Bc5 Rb7 49. Be3 f5 50. exf5 gxf5 51. Bh5+ Kf6 52. Bf3 f4+ 53. Bxf4 exf4+ 54. Kxf4 Rd7 55. Bg4 Rd4+ 0-1

[Event "Swiss Queens Wed #41"]
[Site "FIDE Online Arena INT"]
[Date "2024.11.06"]
[Round "6"]
[White "Bodnaruk, Anastasia"]
[Black "Karimova, Guldona"]
[Result "1-0"]
[WhiteElo "2333"]
[BlackElo "2115"]
[PlyCount "79"]
[EventDate "2024.11.06"]
[EventType "swiss (blitz)"]
[EventRounds "11"]
[EventCountry "NET"]
[SourceTitle "CB45_2024"]
[Source "ChessBase"]
[SourceDate "2024.11.06"]
[SourceVersion "1"]
[SourceVersionDate "2024.11.06"]
[SourceQuality "1"]

1. e4 c5 2. Nc3 Nc6 3. Bb5 d6 4. Bxc6+ bxc6 5. d3 e5 6. f4 exf4 7. Bxf4 Ne7 8. Nf3 Ng6 9. Be3 Be7 10. 0-0 0-0 11. d4 cxd4 12. Nxd4 Ne5 13. Nf5 Bxf5 14. exf5 d5 15. Bd4 Bf6 16. Kh1 Nc4 17. b3 Nd6 18. Qd3 Re8 19. Rad1 Ne4 20. Ne2 Qc7 21. c4 Rad8 22. Qc2 c5 23. Bxf6 Nxf6 24. cxd5 Rxd5 25. Nf4 Rxd1 26. Qxd1 c4 27. bxc4 Qxc4 28. a4 h6 29. h3 Ne4 30. Kh2 Nf6 31. a5 Re4 32. Qf3 Rd4 33. Nh5 Nxh5 34. Re1 Nf6 35. Qa8+ Kh7 36. Qxa7 Qc5 37. Qxc5 Rc4 38. Qxc4 Ne4 39. Qxe4 f6 40. a6 1-0

[Event "Swiss Queens Wed #41"]
[Site "FIDE Online Arena INT"]
[Date "2024.11.06"]
[Round "1"]
[White "Karimova, Guldona"]
[Black "Babiy, Olga"]
[Result "1-0"]
[WhiteElo "2115"]
[BlackElo "2302"]
[PlyCount "65"]
[EventDate "2024.11.06"]
[EventType "swiss (blitz)"]
[EventRounds "11"]
[EventCountry "NET"]
[SourceTitle "CB45_2024"]
[Source "ChessBase"]
[SourceDate "2024.11.06"]
[SourceVersion "1"]
[SourceVersionDate "2024.11.06"]
[SourceQuality "1"]

1. e4 c5 2. Nf3 e6 3. d4 cxd4 4. Nxd4 a6 5. Nc3 Qc7 6. a3 Nf6 7. Be3 d6 8. Qd2 Nbd7 9. Be2 b5 10. f3 Bb7 11. g4 Be7 12. g5 Nh5 13. Rg1 g6 14. h4 e5 15. Nb3 Nb6 16. Na5 Rd8 17. Nxb7 Qxb7 18. 0-0-0 Ng7 19. Bxb6 Qxb6 20. Nd5 Qb7 21. f4 exf4 22. Qxf4 Ne6 23. Qe3 Rc8 24. c3 a5 25. Kb1 b4 26. axb4 axb4 27. Nxb4 Rb8 28. Rd2 Nc5 29. Bf3 Nb3 30. Rdg2 Qa8 31. e5 Qa1+ 32. Kc2 Qa4 33. Bc6+ 1-0